Θεωρία και προβλήματα προγραμματισμού Java
Αποθηκεύτηκε σε:
| Κύριος συγγραφέας: | |
|---|---|
| Μορφή: | Βιβλίο |
| Γλώσσα: | Greek English |
| Δημοσίευση: |
Αθήνα :
Κλειδάριθμος,
c2004.
|
| Σειρά: | Schaum's outline series
|
| Θέματα: | |
| Ετικέτες: |
Προσθήκη ετικέτας
Δεν υπάρχουν, Καταχωρήστε ετικέτα πρώτοι!
|
MARC
| LEADER | 00000cam a2200000 i 4500 | ||
|---|---|---|---|
| 001 | 1/76998 | ||
| 008 | 050524s2004 gr | ||| |||| ||gre|| | ||
| 020 | |a 960209737X | ||
| 035 | |l 10078131 | ||
| 040 | |a GR-MyUa |b gre |e AACR2 | ||
| 041 | 1 | |a gre |h eng | |
| 082 | 7 | |a 005.133 |2 (21) | |
| 100 | 1 | |a Hubbard, John R. | |
| 245 | 1 | 0 | |a Θεωρία και προβλήματα προγραμματισμού Java / |c John R. Hubbard ; μετάφραση Άννα Ράπτη ; επιμέλεια Δημήτρης Καρτσακλής. |
| 260 | |a Αθήνα : |b Κλειδάριθμος, |c c2004. | ||
| 300 | |a 264 σ. : |b εικ. ; |c 28 εκ. | ||
| 490 | 1 | |a (Schaum's outlines) | |
| 500 | |a Τίτλος πρωτοτύπου: Schaum's outline of theory and problems of programming with Java. | ||
| 504 | |a Βιβλιογραφία: σ. 256-257. Ευρετήριο. | ||
| 650 | 0 | |a Java (Computer program language) | |
| 830 | 0 | |a Schaum's outline series | |
| 852 | |a INST |b CHIOS |e 20080318 |h 005.133 HUB |p 005200027664 |q 005200027664 |t BK |y 0 | ||
| 852 | |a INST |b CHIOS |e 20080318 |h 005.133 HUB |p 005200027569 |q 005200027569 |t BK |y 0 | ||
| 852 | |a INST |b SYROS |e 20050524 |h 005.133 HUB |p 005500003516 |q 005500003516 |t BK |y 0 | ||
| 852 | |a INST |b SYROS |e 20050524 |h 005.133 HUB |p 005500003517 |q 005500003517 |t BK |y 0 | ||
| 852 | |a INST |b SYROS |e 20050524 |h 005.133 HUB |p 005500003518 |q 005500003518 |t BK |y 0 | ||
| 852 | |a INST |b SYROS |e 20050524 |h 005.133 HUB |p 005500003519 |q 005500003519 |t BK |y 0 | ||
| 852 | |a INST |b SYROS |e 20050524 |h 005.133 HUB |p 005500003520 |q 005500003520 |t BK |y 0 | ||
| 852 | |a INST |b SYROS |e 20050524 |h 005.133 HUB |p 005500003511 |q 005500003511 |t BK |y 0 | ||
| 852 | |a INST |b SYROS |e 20050524 |h 005.133 HUB |p 005500003512 |q 005500003512 |t BK |y 0 | ||
| 852 | |a INST |b SYROS |e 20050524 |h 005.133 HUB |p 005500003513 |q 005500003513 |t BK |y 0 | ||
| 852 | |a INST |b SYROS |e 20050524 |h 005.133 HUB |p 005500003514 |q 005500003514 |t BK |y 0 | ||
| 852 | |a INST |b SYROS |e 20050524 |h 005.133 HUB |p 005500003515 |q 005500003515 |t BK |y 0 | ||
| 901 | |a BIBL5-2005-2 | ||
| 901 | |a BIBL2-2008-1 | ||
| 922 | |a 2ΕΛΗ |b 200802 |c ΕΠΕΑΕΚ2/ΤΜΟΔ |d Σ. Πατάκης | ||
| 970 | |a Καγιαβά |b Ειρήνη |z 24/05/2005 | ||